000 02372cam a22005411 4500
001 750327
003 BJBSDDR
005 20260306110615.0
006 a|||||r|||| 00| 0
007 ta
008 730724s19591934mau r 000 0 eng
010 _a 61019375
020 _a0395083575
020 _a9780395083574
035 _a750327
040 _aDLC
_beng
_cDLC
_dDLC
041 _aeng
043 _aa-pp---
_an-us---
050 1 4 _aGN 506
_bB463p 1959
082 0 0 _a572
100 1 _aBenedict, Ruth,
_d1887-1948
_944875
245 1 0 _aPatterns of culture /
_cRuth Benedict ; With a new preface by Margaret Mead.
260 _aBoston, Mass. :
_bHoughton Mifflin,
_c1959 [c1934]
300 _axvi, 290 pages ;
_c21 cm.
336 _atext
_btxt
_2rdacontent
337 _aunmediated
_bn
_2rdamedia
338 _avolume
_bnc
_2rdacarrier
490 0 _aSentry edition, 8
520 _aPublished in 1934, Patterns of Culture is a foundational work in cultural anthropology. Ruth Benedict explores how cultures develop distinct patterns of behavior, values, and beliefs that shape the personalities and social dynamics of the people within them. She argues that each culture creates its own “personality,” a consistent style of thought and action that influences individuals and society at large. Benedict challenges the idea that any culture’s way of life is inherently superior or universal. Instead, she shows how different cultures develop unique solutions to the problems of human life, resulting in diverse but equally valid patterns.
650 0 _aCulture.
650 4 _aCultura
_91884
650 0 _aEthnopsychology.
650 4 _aEtnopsicología
_923412
650 4 _aEtnología
_99901
_zPapúa Nueva Guinea
650 0 _aZuni Indians.
650 4 _aIndios Zunis
_947358
650 0 _aKwakiutl Indians.
650 4 _aIndios Kwakiutl
_947356
650 0 _aEthnology
_zPapua New Guinea
_zDobu Island.
651 0 _aDobu Island (Papua New Guinea)
_xSocial life and customs.
651 4 _aIsla Dobu (Papúa Nueva Guinea)
_xVida social y costumbres
_947357
700 1 _aMead, Margaret,
_d1901-1978
_947362
_ewriter of foreword
830 0 _aSentry edition
_947361
_v8
906 _a7
_bcbc
_corignew
_du
_eocip
_f19
_gy-gencatlg
942 _2lcc
_cBK
946 _iLLH
999 _c125144
_d125144